000 00420nam a2200121Ia 4500
008 220615s9999||||xx |||||||||||||| ||und||
100 _aAlessio Gomiero
245 0 _aPlastics in the Environment
546 _aEnglish[eng]
650 _aPhysical Sciences||Engineering and Technology||Chemistry||Polymer Chemistry||Organic Chemistry
856 _uhttps://www.intechopen.com/books/plastics-in-the-environment
942 _cEB
999 _c12684
_d12684